000 00732cam a22002417a 4500
003 OSt
005 20150713101408.0
008 060810s2006 inua 001 0 eng d
020 _a0672328232
040 _aSEKU
050 0 0 _aTK 5105.8885.A26
_b.W3
100 1 _aWalther, Stephen.
245 1 0 _aASP.NET 2.0 unleashed /
_cStephen Walther.
260 _aIndianapolis, Ind. :
_bSams,
_cc2006.
300 _axxii, 1963 p. :
_bill. ;
_c24 cm.
504 _aIncludes index.
630 0 0 _aActive server pages.
650 0 _aWeb sites
_xDesign.
650 0 _aWeb site development.
650 0 _aMicrosoft .NET Framework.
856 4 1 _3Table of contents only
_uhttp://www.loc.gov/catdir/toc/fy0707/2006901233.html
942 _2lcc
_cGEN
999 _c5679
_d5679